Loading...
History - European History | 1 | 4 | 0 | 0 | 55 | 65 | 121.20 | 1 | 1 |
History - US History | 0 | 4 | 1 | 1 | 35 | 107 | 128.75 | 0 | 1 |
History - Other History | 0 | 3 | 0 | 1 | 30 | 117 | 132.67 | 0 | 0 |
Beliefs | 0 | 2 | 0 | 1 | 20 | 106 | 123.50 | 0 | 1 |
Fine Arts - Other Fine Arts | 0 | 2 | 0 | 1 | 20 | 146 | 149.00 | 1 | 1 |
Fine Arts - Visual Fine Arts | 0 | 2 | 0 | 0 | 20 | 83 | 95.50 | 0 | 0 |
History - World History | 0 | 3 | 2 | 0 | 20 | 76 | 99.00 | 0 | 1 |
Literature - European Literature | 0 | 2 | 0 | 1 | 20 | 152 | 152.50 | 0 | 0 |
Social Science | 1 | 0 | 0 | 0 | 15 | 66 | 66.00 | 0 | 1 |
Science - Biology | 0 | 1 | 0 | 1 | 10 | 145 | 145.00 | 0 | 0 |
Science - Chemistry | 0 | 1 | 0 | 0 | 10 | 125 | 125.00 | 0 | 0 |
Other Academic | 0 | 1 | 0 | 0 | 10 | 68 | 68.00 | 0 | 1 |
Science - Physics | 0 | 0 | 0 | 0 | 0 | 0.00 | 0 | 0 | |
Literature - World Literature | 0 | 0 | 0 | 0 | 0 | 0.00 | 0 | 0 | |
Modern World | 0 | 1 | 2 | 0 | 0 | 95 | 95.00 | 0 | 1 |
Geography | 0 | 0 | 0 | 0 | 0 | 0.00 | 0 | 0 | |
Philosophy | 0 | 0 | 1 | 0 | -5 | 0.00 | 0 | 0 |